| 000 | 00945nam a2200277 i 4500 | ||
|---|---|---|---|
| 001 | 8248 | ||
| 003 | ES-MaACL | ||
| 005 | 20230906145421.0 | ||
| 007 | t| | ||
| 008 | 920424s1986 sp |||| | spa d | ||
| 020 | _a84-7423-281-3 | ||
| 080 | _a338(100)"1939/45" | ||
| 100 | 1 |
_aMilward, Alan S. _981301 |
|
| 245 | 1 | 3 |
_aLa segunda guerra mundial _b: 1939-1945 / _cAlan S. Milward ; traducción castellana de Antonio Menduiña y Juan Tugores. |
| 260 |
_aBarcelona : _bCrítica, _c[1986] |
||
| 300 |
_a454 p. ; _c20 cm. |
||
| 490 | 1 |
_aHistoria económica mundial del siglo XX ; _v5 |
|
| 500 | _aBibliografía: p. 425-444. | ||
| 650 | 1 | 4 |
_aGuerra mundial, 1939-1945- _xAspectos económicos. _9167691 |
| 700 | 1 |
_aMenduiña, Antonio. _980273 |
|
| 700 | 1 |
_aTugores Ques, Juan. _9111658 |
|
| 830 | 0 |
_aHistoria económica mundial del siglo XX ; _v5 _9177970 |
|
| 852 |
_aES-MaACL _jL-15744 |
||
| 852 |
_aES-MaACL _jL-15971 |
||
| 999 |
_c8248 _d8248 |
||